| 000 | 00927nam a2200253 i 4500 | ||
|---|---|---|---|
| 001 | 126356 | ||
| 003 | ES-MaACL | ||
| 005 | 20251210185542.0 | ||
| 007 | t| | ||
| 008 | 070214s1916 sp r ||||1| spa d | ||
| 080 | _a331.105.42/.44 | ||
| 080 | _a327.32(460) | ||
| 100 | 1 |
_aRenard, Georges. _996174 |
|
| 245 | 1 | 0 |
_aSindicatos, trade-unions y corporaciones / _cpor Georges Renard ; traducción aumentada con un prólogo, un apéndice y un índice bibliográfico sobre el movimiento obrero español por Manuel Núñez de Arenas. |
| 260 |
_aMadrid : _bDaniel Jorro, _c1916. |
||
| 300 |
_a631 p. ; _c18 x 12 cm. |
||
| 490 | 1 | _aEnciclopedia científica | |
| 650 | 4 |
_aSindicatos. _917116 |
|
| 650 | 4 |
_aMovimiento obrero- _zEspaña- _vHistoria. _915214 |
|
| 700 | 1 |
_aNúñez de Arenas, Manuel, _d1886-1951 _9175837 |
|
| 830 | 1 |
_aEnciclopedia científica _9219107 |
|
| 852 | 4 |
_aES-MaACL _jD-4445 |
|
| 999 |
_c126356 _d126356 |
||